Statistiques concernant Classiques du cinéma des années 40

Cliquez ici pour prendre le quiz!

Statistiques générales

  • Ce quiz a été pris 128 fois
    (108 depuis la dernière actualisation)
  • Le résultat moyen est 5 sur 16

Statistiques - réponses

HintRéponse% Correct
La vie d'un magnat de la presse aux mystérieuses dernières parolesCitizen Kane
75%
Les notables d'une petite ville de Province reçoivent des lettres anonymesLe corbeau
63%
Féérie animée sur fond de musique classiqueFantasia
62%
Une troupe de théâtre polonaise résiste à l'envahisseur allemandJeux dangereux (To be or not to be)
52%
La fille d'un marchand se sacrifie pour sauver son père des griffes d'un monstreLa Belle et la Bête
51%
Paris est tout petit pour ceux qui s’aiment d’un aussi grand amourLes enfants du Paradis
37%
Un détective tombe amoureux du portrait de la victime d'un meurtreLaura
25%
Triangle amoureux dans un casino en Argentine. Put the blame on mame ...Gilda
22%
Une jeune fille suspecte son oncle d'être un meurtrierL'ombre d'un doute
16%
Quatre jours dans la vie d'un alcooliqueLe poison
15%
L'histoire d'amour scandaleuse entre un mineur et une femme fiancée à un soldatLe diable au corps
11%
Un employé au chômage devient assassin de riches veuvesMonsieur Verdoux
11%
Une femme au foyer devient riche entrepreneuse pour gagner le respect de sa filleLe Roman de Mildred Pierce
9%
Les soldats américains prennent du bon temps dans le Berlin occupé. Blaaaack maaarket ...La scandaleuse de Berlin
6%
Un réalisateur se fait passer pour un clochard pour préparer son prochain filmLes voyages de Sullivan
6%
Croyant son épouse décédée, un homme se remarie et se découvre rapidement bigameMon épouse favorite
4%

Distribution des résultats

Percentile par nombre de réponses

% des personnes avec chaque résultat

Votre développement - résultats

Vous n’avez pas pris ce quiz depuis la dernière actualisation